000 00444nam a2200157 4500
999 _c2395
_d2395
008 200228b ||||| |||| 00| 0 eng d
082 0 0 _a621.4022
_bE532
100 _91243
_aEckert, E. R. G.
245 1 0 _aHeat and Mass Transfer /
_cby E. R. G. Eckert and Robert M. Drake
250 _a1st ed.
260 _aNew Delhi
_bTMH
_c1974
300 _axiv, 530 p.
650 0 _aHeat Transmission
700 _91244
_aDrake, Robert M.
942 _2ddc
_cBK